Derecho y complejidad : en homenaje al Dr. Miguel Ángel Ciuro Caldani /
Guardado en:
| Otros Autores: | , |
|---|---|
| Formato: | Libro |
| Idioma: | Spanish |
| Publicado: |
Tandil :
Universidad Nacional del Centro de la provincia de Buenos Aires : Facultad de Derecho,
2012
|
| Edición: | 1a. ed. |
| Materias: | |
| Etiquetas: |
Agregar Etiqueta
Sin Etiquetas, Sea el primero en etiquetar este registro!
|
| LEADER | 00656nam a22001695a 4500 | ||
|---|---|---|---|
| 001 | DER.der012445 | ||
| 008 | 180615s2012####|||||||||||||||||#||spa|| | ||
| 005 | 20241107115438.0 | ||
| 245 | 1 | 0 | |a Derecho y complejidad : |b en homenaje al Dr. Miguel Ángel Ciuro Caldani / |c coordinado por Eduardo Lapenta, Fernando Ronchetti. |
| 250 | |a 1a. ed. | ||
| 260 | |a Tandil : |b Universidad Nacional del Centro de la provincia de Buenos Aires : |b Facultad de Derecho, |c 2012 | ||
| 300 | |a 405 p. | ||
| 020 | |a 9789506582968 | ||
| 700 | 0 | |a Lapenta Eduardo, |e coord. | |
| 700 | 1 | |a Ronchetti, Fernando, |e coord. | |
| 650 | 7 | |a FILOSOFIA DEL DERECHO | |
| 859 | |a DERECHO |b BIB. DERECHO |h 340.1 |i DER |p 007272 | ||
